Football : Record - Statistiques

Statistiques générales
  • Ce quiz a été pris 95 fois
  • Le résultat moyen est 11 sur 15
Statistiques - réponses
Question Réponse % Correct
Quel joueur a gagné le plus de ballon d'or ? Messi
90%
Qui est le joueur le plus capé de la sélection croate ? Modric
90%
Qui a le record de but en une saison de LDC ? Cr7
87%
Qui est le meilleur buteur de l'histoire de l'équipe de France ? Giroud
85%
Qui est le joueur le plus capé de l'histoire de l'OM ? Mandanda
80%
Qui a joué le plus de match en sélection ? Cr7
79%
Qui est le meilleur buteur de l'histoire du PSG ? Mbappe
77%
Qui est le meilleur buteur de l'histoire de la sélection belge ? R.Lukaku
75%
Qui est le recordman de sélection en équipe de France ? Lloris
72%
Quel gardien français a été transféré le plus cher ? Chevalier
62%
Quel gardien a été transféré le plus cher de tout les temps ? Kepa
62%
Qui est le joueur le plus capé du FC Barcelone ? Messi
62%
Qui a acheté le gardien le plus cher ? Chelsea
56%
Qui a vendu le gardien le plus cher ? Athletic Bilbao
52%
Qui est le joueur le plus capé du Real Madrid ? Raul
46%
Aucun quiz correspondant
Distribution des résultats
% des personnes avec chaque résultat
Percentile par nombre de réponses
Votre historique - résultats
Vous n’avez pas pris ce quiz